10 największych miast Armenii - Statystyki

Ogólne statystyki
  • Ten quiz został rozwiązany 42 razy
  • Średni wynik to 2 z 10
Statystyki odpowiedzi
Miejsce/Liczba ludności Miasto % Poprawnych
1. 1 092 800 Erywań
100%
2. 111 200 Giumri
36%
6. 41 500 Kapan
21%
3. 76 200 Wanadzor
21%
7. 39 900 Hrazdan
14%
5. 45 000 Abowian
11%
9. 20 612 Masis
11%
4. 46 400 Wagharszapat
11%
8. 27 912 Armavir
7%
10. 20 512 Charentsavan
7%
Nie znaleziono quizów pasujących do podanych kryteriów
Rozkład punktacji
Procent ludzi z każdym wynikiem
Percentyl według liczby udzielonych odpowiedzi
Twoja historia wyników
Nie rozwiązałeś tego quizu